Descripción exacta de la provincia de Benezuela
Saved in:
| Main Author: | |
|---|---|
| Format: | Book |
| Language: | Spanish |
| Published: |
Madrid
Victoriano Suárez
1912
|
| Series: | Colección de Libros raros ó Curiosos que Tratan de América
|
| Subjects: | |
| Tags: |
Add Tag
No Tags, Be the first to tag this record!
|
MARC
| LEADER | 00000nam a2200000 a 4500 | ||
|---|---|---|---|
| 001 | UCO4043 | ||
| 003 | CL-VaPUC | ||
| 008 | 000728e19120000SP |||||||||||||||||spa|d | ||
| 082 | 0 | 4 | |a 987 |b CIS |2 21 |
| 100 | 0 | |a Cisneros, Joseph Luis de |e author |9 448145 | |
| 245 | 1 | 0 | |a Descripción exacta de la provincia de Benezuela |
| 300 | |a 220 p | ||
| 942 | |c BK | ||
| 945 | |d 20000728 00:00:00 |a crobeson | ||
| 260 | |a Madrid |b Victoriano Suárez |c 1912 | ||
| 650 | 0 | |a Historiografía |9 257871 | |
| 650 | 0 | |a Historia venezolana |9 393448 | |
| 650 | 0 | |a Geografía venezolana |9 394339 | |
| 650 | 0 | |a Derecho Indiano |9 256266 | |
| 650 | 0 | |a Poder político |9 255509 | |
| 650 | 0 | |a Agricultura |9 255598 | |
| 650 | 0 | |a Mapas |9 260844 | |
| 650 | 7 | |a PLANOS |2 CL-VaPUC |9 260106 | |
| 651 | 0 | |a Venezuela |9 254993 | |
| 583 | |a last modification |c 20000728 00:00:00 |k Rodrigo Vera | ||
| 490 | 0 | |a Colección de Libros raros ó Curiosos que Tratan de América | |
| 999 | |c 290129 |d 290127 | ||
| 952 | |0 0 |1 0 |4 0 |6 987_000000000000000_CIS_1912 |7 0 |8 X |9 339357 |a BIBHIS |b BIBHIS |d 2019-11-20 |i 1202286 |o 987 CIS 1912 |p 1202286 |r 2024-01-30 |w 2019-11-20 |y BK_X |k HIS | ||